| 000 | 00606nam a2200157Ia 4500 | ||
|---|---|---|---|
| 008 | 260210s9999 xx 000 0 und d | ||
| 024 | _a18B-036-SE, 18B-123-SE, 18B-023-SE & 18B-107-SE | ||
| 082 | _a005.072 MON | ||
| 100 | _aMuhammad Monis, Waleed Muhammad Sohail Sultan & Neha Azam | ||
| 110 | _aDr. Muhammad Waseem | ||
| 245 | 0 | _aVirtual Sign Language Teacher | |
| 260 |
_aKarachi: _bUITU, _c2018 |
||
| 600 | _aSoftware Engineering | ||
| 650 | _aBachelor of Engineering (BE) | ||
| 856 |
_uhttps://drive.google.com/file/d/1Equc4LVxbosYdrZ67sx095QDvLC8lF7B/view?usp=share_link _yClick here for PDF |
||
| 999 |
_c33475 _d33475 |
||